[Event "World Blitz 2023"]
[Site "Samarkand UZB"]
[Date "2023.12.30"]
[Round "13.49"]
[White "Agmanov, Zhandos"]
[Black "Piorun, Kacper"]
[Result "0-1"]
[WhiteElo "2407"]
[BlackElo "2589"]
[EventDate "2023.12.29"]

1. e4 d5 2. exd5 Qxd5 3. Nc3 Qd8 4. d4 Nf6 5. Nf3 g6 6. Bg5 Bg7 7. Qd2 O-O
8. O-O-O Bg4 9. Be2 c6 10. Bh6 Qa5 11. Kb1 Nbd7 12. Bxg7 Kxg7 13. Qe3 b5
14. Ne5 Bxe2 15. Nxe2 Nd5 16. Qf3 Nxe5 17. dxe5 Qc7 18. Nd4 e6 19. Rhe1
Rab8 20. h4 c5 21. Nb3 c4 22. Nc1 c3 23. b3 Qe7 24. Rxd5 exd5 25. Qxc3 Rbc8
26. Qd4 Qc5 27. Qxc5 Rxc5 28. Nd3 Rc7 29. Kb2 Re8 30. g3 Ree7 31. Re2 f6
32. exf6+ Kxf6 33. Rd2 Rcd7 34. Nb4 d4 35. Nc6 Re4 36. a3 a6 37. f3 Re3 38.
Nxd4 Rd5 39. c3 Rde5 40. g4 Re1 41. g5+ Kf7 42. c4 bxc4 43. bxc4 R1e3 44.
Rc2 Rd3 45. Nb3 Ree3 46. Nd2 Rxa3 47. c5 Rad3 48. Nc4 Re7 49. f4 Rb7+ 50.
Kc1 Ke7 51. Re2+ Kd8 52. Ne5 Rc3+ 53. Kd2 Rxc5 54. Kd3 Rb4 55. Nf7+ Kd7 56.
Ne5+ Kc7 57. Ra2 Rxf4 58. Re2 Rxh4 59. Nf7 Ra5 60. Re7+ Kc6 61. Nd8+ Kd6
62. Ra7 Ra3+ 63. Kc2 Rh2+ 64. Kb1 Rg3 65. Nf7+ Kc6 66. Ne5+ Kb6 0-1

[Event "World Blitz 2023"]
[Site "Samarkand UZB"]
[Date "2023.12.30"]
[Round "13.50"]
[White "Galchenko, Matvey"]
[Black "Asadli, Vugar"]
[Result "1-0"]
[WhiteElo "2424"]
[BlackElo "2584"]
[EventDate "2023.12.29"]

1. e4 c5 2. c3 e5 3. Nf3 Nc6 4. Bc4 Nf6 5. Ng5 d5 6. exd5 Nxd5 7. Qh5 g6 8.
Qf3 Qxg5 9. Bxd5 Nd8 10. O-O Qe7 11. Re1 Bg7 12. d4 O-O 13. dxe5 Nc6 14.
Bxc6 bxc6 15. Bf4 Rb8 16. b3 c4 17. Nd2 cxb3 18. axb3 Be6 19. c4 Qb4 20.
Ra4 Qb6 21. Be3 c5 22. Ne4 Qxb3 23. Nxc5 Qc2 24. Rxa7 Rb1 25. Ra1 Rxa1 26.
Rxa1 Rb8 27. Qd1 Qxc4 28. Qd6 Qb5 29. h3 Qe8 30. Nxe6 fxe6 31. Ra6 Rd8 32.
Qxe6+ Qxe6 33. Rxe6 Rd1+ 34. Kh2 Kf7 35. Ra6 Bxe5+ 36. g3 h5 37. Kg2 Rd6
38. Ra5 Bd4 39. Bf4 Rc6 40. Rd5 Bb6 41. Rd2 Ba5 42. Ra2 Bb4 43. Kf3 Bd6 44.
Be3 Rc4 45. Ra7+ Ke6 46. Ra6 Ke7 47. Bg5+ Kd7 48. Be3 Ke7 49. Rb6 Ra4 50.
Rc6 Kd7 51. Rc2 Ke7 52. Rd2 Ke6 53. Rb2 Rb4 54. Ra2 Rb3 55. Ra6 Kd7 56. Ke4
Rb4+ 57. Kd5 Rb5+ 58. Kc4 Rf5 59. f4 Rf8 60. Rxd6+ 1-0

[Event "World Blitz 2023"]
[Site "Samarkand UZB"]
[Date "2023.12.30"]
[Round "13.51"]
[White "Brunello, Sabino"]
[Black "Gharibyan, Mamikon"]
[Result "0-1"]
[WhiteElo "2573"]
[BlackElo "2444"]
[EventDate "2023.12.29"]

1. c4 e5 2. g3 Nf6 3. Bg2 c6 4. Nf3 e4 5. Nd4 d5 6. cxd5 Qxd5 7. e3 Na6 8.
Nc3 Qe5 9. O-O Bc5 10. Nb3 Bb6 11. d4 exd3 12. Qxd3 O-O 13. h3 Nb4 14. Qe2
Rd8 15. Kh2 Nd3 16. f4 Nxc1 17. Raxc1 Qxe3 18. Qc2 g6 19. Rfe1 Qd3 20. Na4
Qxc2 21. Rxc2 Kf8 22. Nac5 Rb8 23. Rce2 Bc7 24. Bf3 h5 25. Kg2 b6 26. Na4
c5 27. Nc3 Ba6 28. Re7 Rd7 29. Rxd7 Nxd7 30. Bc6 Nf6 31. Nb5 Bxb5 32. Bxb5
a6 33. Bxa6 Ra8 34. Bc4 Rxa2 35. Re2 Ra4 36. Nd2 h4 37. b3 Ra2 38. gxh4 Nh5
39. Kf3 Nxf4 40. Rf2 Nxh3 41. Rg2 Nf4 42. Rf2 f5 43. Nf1 Ra1 44. Ke3 Re1+
45. Kd2 Re7 46. Ne3 Kg7 47. Rf3 Rd7+ 48. Kc3 Be5+ 49. Kc2 Nh5 50. Bb5 Rf7
51. Bc4 Rf8 52. Nd5 Rb8 53. Re3 Bf6 54. Re6 Bxh4 55. Nxb6 Nf4 56. Rc6 Bf2
57. Nd7 Rd8 58. Nxc5 Bxc5 59. Rxc5 Kf6 60. Rc6+ Ke5 61. b4 g5 62. b5 g4 63.
b6 Rb8 64. Rc5+ Kf6 65. Rc6+ Kg5 66. Kd2 g3 67. Ke3 Kg4 68. Bf1 g2 69. Bxg2
Nxg2+ 70. Kd4 Nf4 71. Kc5 Nd3+ 72. Kb5 Ne5 73. Rc5 Rxb6+ 74. Kxb6 Nd7+ 0-1

[Event "World Blitz 2023"]
[Site "Samarkand UZB"]
[Date "2023.12.30"]
[Round "13.52"]
[White "Urazayev, Arystanbek"]
[Black "Henriquez Villagra, Cristobal"]
[Result "1-0"]
[WhiteElo "2408"]
[BlackElo "2568"]
[EventDate "2023.12.29"]

1. e4 c5 2. Nf3 Nc6 3. Bb5 e6 4. O-O Nge7 5. c3 Ng6 6. d4 cxd4 7. cxd4 d5
8. exd5 exd5 9. Nc3 Be7 10. Qa4 Qd6 11. Re1 O-O 12. h3 Be6 13. Be3 a6 14.
Bxc6 bxc6 15. Rac1 Bd7 16. Qc2 f5 17. Na4 f4 18. Bd2 Nh4 19. Qc3 Rae8 20.
Nc5 Bc8 21. Nxh4 Bxh4 22. Qf3 Rxe1+ 23. Rxe1 h6 24. Nd3 Bf5 25. Bb4 Qf6 26.
Bxf8 Qxd4 27. Nxf4 1-0

[Event "World Blitz 2023"]
[Site "Samarkand UZB"]
[Date "2023.12.30"]
[Round "13.53"]
[White "Ponkratov, Pavel"]
[Black "Nigmatov, Ortik"]
[Result "0-1"]
[WhiteElo "2547"]
[BlackElo "2382"]
[EventDate "2023.12.29"]

1. d4 Nf6 2. Bg5 Ne4 3. Bf4 c5 4. f3 Qa5+ 5. c3 Nf6 6. d5 d6 7. e4 g6 8.
Bd3 Bg7 9. Ne2 O-O 10. O-O Qb6 11. Qb3 Qd8 12. c4 e5 13. Be3 Nh5 14. g4 Nf4
15. Nxf4 exf4 16. Bxf4 Qf6 17. Bc1 h5 18. gxh5 Bh3 19. Rf2 Qh4 20. Be3 f5
21. Qc2 f4 22. Bd2 Bd4 23. Bc3 Be3 24. e5 dxe5 25. Na3 Nd7 26. Bxg6 Nf6 27.
Qe2 Nxh5 28. Nc2 Bxf2+ 29. Qxf2 Qg5+ 30. Kh1 Qxg6 31. Rg1 Ng3+ 32. hxg3 Qh5
33. gxf4+ Kf7 34. Rg5 Qh7 35. Qxc5 Bd7+ 36. Kg1 Rh8 37. Bxe5 Qh1+ 38. Kf2
Rh2+ 39. Ke3 Qc1+ 40. Kd4 0-1

[Event "World Blitz 2023"]
[Site "Samarkand UZB"]
[Date "2023.12.30"]
[Round "13.54"]
[White "Saydaliev, Saidakbar"]
[Black "Bryakin, Mikhail"]
[Result "1-0"]
[WhiteElo "2323"]
[BlackElo "2495"]
[EventDate "2023.12.29"]

1. e4 c6 2. Nf3 d5 3. Nc3 Bg4 4. h3 Bxf3 5. Qxf3 e6 6. Be2 Nf6 7. O-O Bc5
8. Rd1 Bd4 9. exd5 cxd5 10. Nb5 Bc5 11. d4 Be7 12. Bf4 Na6 13. c3 O-O 14.
Bd3 Ne8 15. Qg3 Bh4 16. Qg4 Bf6 17. Re1 Nac7 18. a4 a6 19. Nxc7 Nxc7 20. h4
Kh8 21. Re3 Ne8 22. h5 Nd6 23. Rae1 Rc8 24. Rf3 Nc4 25. Bc1 h6 26. Rxe6 Bg5
27. Rxh6+ Bxh6 28. Bxh6 Rg8 29. Rxf7 Qf8 30. Qg6 1-0

[Event "World Blitz 2023"]
[Site "Samarkand UZB"]
[Date "2023.12.30"]
[Round "13.55"]
[White "Chanda, Sandipan"]
[Black "Seemann, Jakub"]
[Result "0-1"]
[WhiteElo "2490"]
[BlackElo "2332"]
[EventDate "2023.12.29"]

1. d4 Nf6 2. c4 e6 3. Nc3 Bb4 4. e3 O-O 5. Bd2 d5 6. Nf3 b6 7. Rc1 Bb7 8.
cxd5 exd5 9. Bd3 Be7 10. O-O c5 11. Bb1 Nc6 12. dxc5 bxc5 13. Re1 Rc8 14.
e4 dxe4 15. Nxe4 Nd4 16. Nxd4 cxd4 17. Rxc8 Qxc8 18. Bg5 Bxe4 19. Bxe4 Qd7
20. Bd3 h6 21. Bh4 Nd5 22. Bxe7 Nxe7 23. Qe2 Nd5 24. Qe4 Nf6 25. Qf5 Qd6
26. g3 Rb8 27. b3 Qb4 28. Re2 Rd8 29. h4 Qd6 30. g4 g6 31. Qf3 Kg7 32. Kg2
Nd5 33. Re1 Nf4+ 34. Kg1 Rc8 35. Bf1 d3 36. Rd1 d2 37. Qe3 Rd8 38. Be2 Qd4
39. Bf3 Qd6 40. Qc3+ Kg8 41. Qe3 a5 42. Kh1 Qf6 43. Kg1 Qd6 44. Kh1 g5 45.
h5 Kg7 46. Kg1 Rd7 47. Kh1 Qd4 48. Kg1 Qb2 49. a4 Qd4 50. Kh1 Qd6 51. Qc3+
Kg8 52. Qxa5 Qd4 53. Qf5 Qxf2 54. Qxd7 Qxf3+ 0-1

[Event "World Blitz 2023"]
[Site "Samarkand UZB"]
[Date "2023.12.30"]
[Round "13.56"]
[White "Bologan, Victor"]
[Black "Markov, Mikhail"]
[Result "1-0"]
[WhiteElo "2489"]
[BlackElo "2255"]
[EventDate "2023.12.29"]

1. e4 c5 2. Nf3 e6 3. d3 Nc6 4. g3 Nf6 5. Bg2 d5 6. Qe2 Be7 7. O-O O-O 8.
e5 Nd7 9. c4 a6 10. Nc3 Nd4 11. Nxd4 cxd4 12. Nb1 Nc5 13. b3 dxc4 14. bxc4
Rb8 15. a4 b5 16. cxb5 axb5 17. axb5 Rxb5 18. Nd2 Bb7 19. Bxb7 Rxb7 20. Ba3
Na4 21. Bxe7 Nc3 22. Bxd8 Nxe2+ 23. Kg2 Rxd8 24. Nf3 Rb3 25. Rfd1 h6 26.
Rd2 Nc3 27. Ra7 Rb5 28. Rc7 Rb3 29. h4 Ra3 30. Rc4 Nb5 31. Rb2 Rd5 32. Rd2
Rb3 33. Ra4 Rb1 34. h5 Rb3 35. Rc4 Ra3 36. Rc8+ Kh7 37. Rf8 Rd7 38. Rb2 Ra5
39. Rb4 g6 40. hxg6+ Kxg6 41. Rg8+ Kh7 42. Rg4 h5 43. Rg5 Kh6 44. Rb1 Ra2
45. Rh1 1-0

[Event "World Blitz 2023"]
[Site "Samarkand UZB"]
[Date "2023.12.30"]
[Round "13.57"]
[White "Xie, Felix"]
[Black "Kazhgaleyev, Murtas"]
[Result "1-0"]
[WhiteElo "2107"]
[BlackElo "2488"]
[EventDate "2023.12.29"]

1. Nf3 d6 2. d4 Nf6 3. g3 Nbd7 4. Bg2 e5 5. dxe5 dxe5 6. O-O Bc5 7. a3 O-O
8. b4 Bb6 9. c4 c6 10. Bb2 e4 11. Nd4 Ne5 12. c5 Bc7 13. Nd2 e3 14. fxe3
Qe7 15. Qb3 h5 16. Nf5 Bxf5 17. Rxf5 h4 18. Raf1 Rad8 19. Bxe5 Bxe5 20. Nf3
Ng4 21. Nxe5 Nxe5 22. e4 Rd2 23. Qc3 Rxe2 24. Qxe5 Qd7 25. R5f2 Rxf2 26.
Rxf2 Qd1+ 27. Rf1 Qd2 28. Qf4 Qd4+ 29. Qf2 Qd8 30. gxh4 Qd3 31. Qf3 Qd4+
32. Kh1 Qe5 33. Bh3 g6 34. h5 gxh5 35. Rg1+ Kh8 36. Bf5 1-0

[Event "World Blitz 2023"]
[Site "Samarkand UZB"]
[Date "2023.12.30"]
[Round "13.58"]
[White "Sapenov, Daniyal"]
[Black "Xiu, Deshun"]
[Result "1-0"]
[WhiteElo "2289"]
[BlackElo "2493"]
[EventDate "2023.12.29"]

1. e4 e5 2. Nf3 Nc6 3. Bb5 a6 4. Ba4 Nf6 5. O-O Be7 6. d3 d6 7. c3 O-O 8.
Re1 Re8 9. h3 Bf8 10. Bc2 h6 11. d4 exd4 12. cxd4 Nb4 13. Nc3 Nxc2 14. Qxc2
g6 15. Bf4 Bg7 16. Rad1 Be6 17. Qc1 Kh7 18. d5 Bd7 19. e5 dxe5 20. Nxe5 Rf8
21. g4 Ne8 22. Ne4 Nd6 23. Nc5 Bc8 24. Bg3 Kg8 25. a4 a5 26. b3 Re8 27. Re3
h5 28. Rde1 hxg4 29. hxg4 Bf6 30. Qc2 Kg7 31. f4 g5 32. fxg5 Bxg5 33. Rf3
Bf6 34. g5 Bxe5 35. Rxe5 Bg4 36. Rf6 Bh5 37. Qh2 Bg6 38. Qh6+ Kg8 39. Ne6
Rxe6 40. dxe6 Qf8 41. exf7+ Bxf7 42. Qxf8+ Rxf8 43. Re3 Rd8 44. g6 Bd5 45.
Be5 Ne4 46. Rf4 Ng5 47. Rh4 Kf8 48. Bf6 Rd6 49. Be7+ 1-0

[Event "World Blitz 2023"]
[Site "Samarkand UZB"]
[Date "2023.12.30"]
[Round "13.59"]
[White "Mustafaev, Jamshid"]
[Black "Zeng, Chongsheng"]
[Result "0-1"]
[WhiteElo "2323"]
[BlackElo "2504"]
[EventDate "2023.12.29"]

1. Nf3 d5 2. g3 Nd7 3. Bg2 e5 4. d3 Ngf6 5. O-O Bd6 6. c4 c6 7. cxd5 cxd5
8. Nc3 O-O 9. Bg5 h6 10. Bxf6 Nxf6 11. e4 dxe4 12. dxe4 Be6 13. Qe2 Qe7 14.
Rfd1 Rfd8 15. Nd5 Nxd5 16. exd5 Bg4 17. h3 Bh5 18. g4 Bg6 19. Nd2 Bc5 20.
Nb3 Bd6 21. Nd2 Rac8 22. Ne4 Bxe4 23. Qxe4 Qg5 24. Rd3 g6 25. Rb3 b6 26.
Rd1 Kg7 27. Rc3 Rxc3 28. bxc3 Rc8 29. c4 Rc5 30. Bf1 Ra5 31. Qe2 Qf4 32.
Qc2 Ra3 33. Bg2 Ra5 34. Rb1 Rc5 35. Bf1 e4 36. Bg2 e3 37. fxe3 Qxe3+ 38.
Kh1 Qf4 39. Kg1 Rxc4 40. Qe2 Rd4 41. Rd1 Qh2+ 42. Kf1 Rf4+ 43. Ke1 Bb4+ 44.
Rd2 Rd4 0-1

[Event "World Blitz 2023"]
[Site "Samarkand UZB"]
[Date "2023.12.30"]
[Round "13.60"]
[White "Garayev, Kanan"]
[Black "Xu, Xiangyu"]
[Result "1-0"]
[WhiteElo "2260"]
[BlackElo "2491"]
[EventDate "2023.12.29"]

1. Nf3 Nf6 2. g3 g6 3. b3 Bg7 4. Bb2 d6 5. d4 a5 6. a4 O-O 7. Bg2 Bf5 8.
O-O Qc8 9. Re1 Nc6 10. Nbd2 Bh3 11. Bh1 h6 12. e4 Nd7 13. Nc4 e5 14. dxe5
Ndxe5 15. Nfxe5 Nxe5 16. Nxe5 dxe5 17. Qe2 Rd8 18. Rad1 Qe6 19. Rd3 Rxd3
20. Qxd3 Bf6 21. Qd5 Qb6 22. Bc3 1-0

[Event "World Blitz 2023"]
[Site "Samarkand UZB"]
[Date "2023.12.30"]
[Round "13.61"]
[White "Leiva, Gianmarco"]
[Black "Isanzhulov, Arystan"]
[Result "1-0"]
[WhiteElo "2338"]
[BlackElo "2431"]
[EventDate "2023.12.29"]

1. d4 Nf6 2. Nf3 d6 3. Nc3 g6 4. e4 Bg7 5. Be2 O-O 6. O-O c5 7. d5 Na6 8.
Re1 Nc7 9. a4 Bg4 10. Nd2 Bxe2 11. Qxe2 Rb8 12. Nc4 b6 13. Nb5 Rb7 14. Nxc7
Qxc7 15. a5 Qd7 16. c3 Rbb8 17. axb6 axb6 18. Bf4 Qb5 19. Ra7 Rfe8 20. f3
h6 21. Kf1 g5 22. Bg3 Nh5 23. Rea1 Bf8 24. Rc7 Ra8 25. Raa7 Rxa7 26. Rxa7
Rb8 27. Ne3 Qb3 28. Ra3 Nxg3+ 29. hxg3 Qxa3 30. bxa3 Ra8 31. Qb2 Bg7 32.
Nc4 b5 33. Qxb5 Bxc3 34. a4 h5 35. a5 h4 36. gxh4 gxh4 37. a6 1-0

[Event "World Blitz 2023"]
[Site "Samarkand UZB"]
[Date "2023.12.30"]
[Round "13.62"]
[White "Rojas Salas, Steven"]
[Black "Gorovets, Andrey"]
[Result "0-1"]
[WhiteElo "2210"]
[BlackElo "2418"]
[EventDate "2023.12.29"]

1. d4 f5 2. c4 Nf6 3. g3 e6 4. Nf3 d5 5. Bg2 Bd6 6. O-O O-O 7. b3 b6 8. Ba3
Ne4 9. Qc1 Bb7 10. Bxd6 Qxd6 11. Na3 c5 12. cxd5 exd5 13. Qb2 Nd7 14. dxc5
bxc5 15. Rfd1 Ndf6 16. Qe5 Qd7 17. h3 d4 18. Qf4 Nd5 19. Qc1 Ndc3 20. Re1
Rae8 21. Nc4 Ba6 22. Nfd2 Re6 23. e3 Rfe8 24. exd4 Nxg3 25. Rxe6 Nge2+ 26.
Kh1 Nxc1 27. Rxe8+ Qxe8 28. Rxc1 cxd4 29. Nf3 Bxc4 30. bxc4 Qd8 31. Ne5 g6
32. c5 Qc7 33. Nc6 Qf4 34. Re1 d3 35. Re8+ Kg7 36. Rd8 d2 37. Ne7 d1=Q+ 38.
Rxd1 Nxd1 39. c6 Nxf2+ 40. Kg1 Ne4 41. Nd5 Qc1+ 42. Kh2 Qxc6 43. Ne3 Qd6+
44. Kh1 Qd4 45. Nf1 f4 46. Kh2 g5 47. Bf3 Ng3 48. Nxg3 Qf2+ 49. Bg2 fxg3+
0-1

[Event "World Blitz 2023"]
[Site "Samarkand UZB"]
[Date "2023.12.30"]
[Round "13.63"]
[White "Xue, Haowen"]
[Black "Abdisalimov, Abdimalik"]
[Result "0-1"]
[WhiteElo "2155"]
[BlackElo "2417"]
[EventDate "2023.12.29"]

1. c4 b6 2. Nc3 Bb7 3. e4 e6 4. Nf3 Bb4 5. Bd3 Ne7 6. Bc2 O-O 7. O-O f5 8.
Qe2 Nbc6 9. d4 Bxc3 10. bxc3 Na5 11. d5 Ba6 12. Bd3 exd5 13. exd5 Nc8 14.
Bg5 Qe8 15. Qxe8 Rxe8 16. Bxf5 Bxc4 17. Bxd7 Bxf1 18. Bxe8 Bc4 19. Nd4 Bxd5
20. Nb5 Nd6 21. Nxc7 Rxe8 22. Nxd5 Re5 23. Ne7+ Kf7 24. Bf4 Rxe7 25. Bxd6
Re2 26. h3 Nc4 27. Bg3 Rc2 28. Rd1 Ke6 29. Rd8 Rxa2 30. Rg8 g6 31. Rg7 a5
32. Rxh7 a4 33. Ra7 a3 34. Kh2 Rc2 35. Bh4 a2 36. g4 Na5 37. Re7+ Kd5 38.
c4+ Kd6 39. Re1 Nb3 40. Bf6 Rxf2+ 0-1

[Event "World Blitz 2023"]
[Site "Samarkand UZB"]
[Date "2023.12.30"]
[Round "13.65"]
[White "Sattarov, Bobir"]
[Black "Akhmedov, David"]
[Result "1-0"]
[WhiteElo "2351"]
[BlackElo "2154"]
[EventDate "2023.12.29"]

1. e4 c5 2. Nf3 d6 3. d4 cxd4 4. Nxd4 Nf6 5. Nc3 a6 6. a3 e5 7. Nf5 d5 8.
Bg5 d4 9. Bxf6 gxf6 10. Nb1 Nc6 11. Nd2 Ne7 12. Qh5 Nxf5 13. exf5 Qc7 14.
Bd3 h6 15. O-O Bd7 16. Rac1 Rg8 17. Ne4 Be7 18. c3 Bc6 19. cxd4 exd4 20.
Rfe1 O-O-O 21. Qxf7 Kb8 22. Qe6 Rde8 23. Qb3 Qd7 24. Bxa6 Bxa3 25. Bd3 Be7
26. g3 Bd5 27. Bc4 Bxc4 28. Rxc4 d3 29. Rd1 Qxf5 30. Rxd3 Rd8 31. Rcd4 Rge8
32. Kg2 Rxd4 33. Rxd4 h5 34. h4 Bf8 35. Qd3 Be7 36. Rd7 Bb4 37. Rd4 Bc5 38.
Nxc5 Qxc5 39. Rd5 Qc6 40. Qf3 Rc8 41. Rxh5 Qb6 42. Rf5 Rc6 43. b3 Qb4 44.
Qf4+ Qxf4 45. Rxf4 Rb6 46. b4 Ka7 47. Kh3 Ka6 48. Kg4 Kb5 49. h5 Rc6 50.
Kf5 Ka4 51. h6 b5 52. h7 Rc8 53. Kxf6 Rc6+ 54. Kg7 Rc7+ 55. Rf7 Rc8 56.
h8=Q Rxh8 57. Kxh8 1-0

[Event "World Blitz 2023"]
[Site "Samarkand UZB"]
[Date "2023.12.30"]
[Round "13.66"]
[White "Suleymenov, Alisher"]
[Black "Vescovi, Giovanni"]
[Result "1-0"]
[WhiteElo "2326"]
[BlackElo "2593"]
[EventDate "2023.12.29"]

1. d4 Nf6 2. c4 e6 3. Nf3 b6 4. a3 Ba6 5. Qc2 c5 6. d5 exd5 7. cxd5 d6 8.
Nc3 Nbd7 9. Bf4 Be7 10. h3 O-O 11. g4 Re8 12. Bg2 Bf8 13. O-O b5 14. Rfe1
Bb7 15. e4 a6 16. Rad1 Rc8 17. Bg3 b4 18. Na4 a5 19. b3 bxa3 20. Ra1 Nb8
21. Rxa3 Na6 22. Nb2 Nb4 23. Qb1 Ba6 24. Nd2 Nfxd5 25. Rc1 Nf6 26. Nbc4 Nc6
27. Kh2 Bb7 28. Qa1 Ra8 29. Bf4 d5 30. exd5 Nxd5 31. Bg3 Ndb4 32. Nf3 Nd4
33. Nxd4 Bxg2 34. Kxg2 cxd4 35. Rxa5 Qf6 36. Kh2 Rxa5 37. Qxa5 Nd3 38. Rf1
Qf3 39. Qf5 Qxf5 40. gxf5 Nb4 41. Rd1 d3 42. Ne5 Rd8 43. Kg2 Bc5 44. Kf3 f6
45. Nc4 Rd5 46. Ne3 Bxe3 47. Kxe3 Rxf5 48. Bd6 Rb5 49. Kd4 Rd5+ 50. Kc4
Rxd6 51. Kxb4 Kf7 52. Kc5 Rd8 53. Kc6 Ke6 54. b4 Rc8+ 55. Kb7 Rc3 56. b5
Kd5 57. b6 Kd4 58. Ka7 Ra3+ 59. Kb8 Ra2 60. b7 Kc3 61. Kc8 Kc2 62. Rxd3
Kxd3 63. b8=Q Rxf2 64. Qg3+ Ke2 65. Qxg7 f5 66. Qxh7 f4 67. Qe4+ Kf1 68.
Qh1+ Ke2 69. h4 f3 70. h5 Rf1 71. Qh2+ f2 72. h6 Rc1+ 73. Kd7 Rd1+ 74. Ke6
Ke1 75. Qe5+ Kd2 76. Qf4+ Ke2 77. Qe4+ Kd2 78. Qf4+ Ke2 79. Qg4+ Kd2 80.
Qg2 Ke3 81. Qg3+ Ke2 82. Qe5+ Kd2 83. Qa5+ Ke2 84. Qb5+ Kd2 85. h7 f1=Q 86.
Qxf1 Rxf1 87. h8=Q Rf3 88. Qb2+ Ke3 89. Ke5 Kd3 90. Qb3+ Ke2 91. Qc2+ Ke3
92. Qe4+ Kf2 93. Qh4+ Ke3 94. Qe1+ Kd3 95. Qe4+ 1-0

[Event "World Blitz 2023"]
[Site "Samarkand UZB"]
[Date "2023.12.30"]
[Round "13.67"]
[White "Shogdzhiev, Roman"]
[Black "Pichot, Alan"]
[Result "1-0"]
[WhiteElo "2117"]
[BlackElo "2592"]
[EventDate "2023.12.29"]

1. e4 e5 2. Nf3 Nc6 3. Bc4 Bc5 4. c3 Nf6 5. d4 exd4 6. e5 d5 7. Bb5 Ne4 8.
cxd4 Bb6 9. Nc3 O-O 10. Be3 f5 11. exf6 Nxc3 12. bxc3 Qxf6 13. O-O Bg4 14.
Be2 Rae8 15. Rb1 Ne7 16. Bg5 Qd6 17. Bxe7 Rxe7 18. Ne5 Bxe2 19. Qxe2 c5 20.
Qd2 cxd4 21. cxd4 Qf6 22. Rb5 Rd8 23. Nf3 Qc6 24. Rb3 Rc8 25. Re3 Rxe3 26.
Qxe3 Re8 27. Ne5 Qd6 28. Re1 h6 29. Qf3 Qe6 30. Qd3 Rf8 31. g3 Qf5 32. Qd2
Rc8 33. Re2 Kh7 34. Kg2 Re8 35. h4 Re6 36. Nf3 Re4 37. Re3 Rxe3 38. Qxe3
Qe4 39. Qxe4+ dxe4 1-0

[Event "World Blitz 2023"]
[Site "Samarkand UZB"]
[Date "2023.12.30"]
[Round "13.68"]
[White "Van Foreest, Lucas"]
[Black "Averin, Nikolay"]
[Result "1-0"]
[WhiteElo "2519"]
[BlackElo "2283"]
[EventDate "2023.12.29"]

1. c4 e6 2. Nf3 d5 3. g3 Nf6 4. Bg2 dxc4 5. Qa4+ Nbd7 6. Qxc4 a6 7. Qb3 c5
8. d4 cxd4 9. Nxd4 Nc5 10. Qc3 Nd5 11. Qd2 Be7 12. O-O O-O 13. Rd1 Qc7 14.
Nc3 Rd8 15. Nxd5 exd5 16. Qc2 Ne6 17. Qxc7 Nxc7 18. Be3 Bf6 19. Rac1 Ne6
20. b3 Bd7 21. Bxd5 Bxd4 22. Bxd4 Bc6 23. Bxe6 fxe6 24. f3 Rd7 25. Bb6
Rxd1+ 26. Rxd1 Kf7 27. Kf2 Re8 28. e4 Re7 29. Ke3 Rd7 30. Rc1 Ke7 31. Bd4
Kf7 32. a4 Rd8 33. Rc5 Rc8 34. Rg5 g6 35. h4 Bd7 36. Kd2 Rd8 37. Bb6 Rc8
38. Ra5 Rc6 39. Bd4 Rd6 40. Ke3 Rc6 41. Kd2 Rd6 42. Kc3 Rc6+ 43. Kd3 Rc1
44. h5 Rf1 45. Ke2 Rb1 46. hxg6+ hxg6 47. Rc5 Rxb3 48. Rc7 Ke8 49. a5 Rb5
50. Bb6 Rb2+ 51. Ke3 Rb3+ 52. Kf4 g5+ 53. Kxg5 Rxf3 54. g4 Bc6 55. e5 Rf7
56. Rc8+ Kd7 57. Rd8+ Ke7 58. Rd4 Rh7 59. Kg6 Rh1 60. Bd8+ Ke8 61. Bf6 Bd5
62. Kg7 Ra1 63. g5 Rxa5 64. g6 Ra2 65. Rh4 a5 66. Kh7 a4 67. g7 Rg2 68.
g8=Q+ Rxg8 69. Kxg8 a3 70. Ra4 a2 71. Ra7 Kd7 72. Bh4 Kc6 73. Bf2 b5 74.
Ra6+ Kb7 75. Ra5 b4 76. Bc5 b3 77. Bd4 Kc6 78. Kg7 Be4 79. Kf6 Bd5 80. Kg5
Kd7 81. Kf4 Ke7 82. Ra7+ Kd8 83. Ke3 Kc8 84. Kd2 Kb8 85. Ra3 Kb7 86. Kc3
Kc6 87. Kb4 Kb7 88. Ra5 Kc6 89. Rc5+ Kd7 90. Rxd5+ exd5 91. Kxb3 Ke6 92.
Kxa2 Kf5 93. Kb3 Ke4 94. Kc3 Kf5 95. Kb4 Ke6 96. Kc5 1-0

[Event "World Blitz 2023"]
[Site "Samarkand UZB"]
[Date "2023.12.30"]
[Round "13.69"]
[White "Zilka, Stepan"]
[Black "Turayev, Shahruh"]
[Result "1-0"]
[WhiteElo "2494"]
[BlackElo "2168"]
[EventDate "2023.12.29"]

1. e4 e6 2. d4 d5 3. Nc3 Nf6 4. Bg5 Be7 5. e5 Ne4 6. Nxe4 dxe4 7. Bxe7 Qxe7
8. Qe2 b6 9. O-O-O Bb7 10. g3 O-O 11. Bg2 c5 12. Bxe4 Nc6 13. Nf3 Rac8 14.
Kb1 f6 15. exf6 Qxf6 16. dxc5 bxc5 17. Rhe1 Rb8 18. b3 Kh8 19. Bxc6 Bxc6
20. Ne5 Bb5 21. c4 Be8 22. f4 a5 23. Rd3 a4 24. Red1 axb3 25. Rxb3 Ra8 26.
Qe4 Bh5 27. Rd2 h6 28. Kc1 Ra7 29. Rb7 Ra3 30. Rb3 Ra7 31. a3 Kg8 32. Kb2
Bg4 33. Ka2 Bf5 34. Qe3 Rfa8 35. Qxc5 Kh7 36. Qe3 Qe7 37. g4 Bg6 38. Nc6
Qc7 39. Nxa7 Rxa7 40. f5 exf5 41. gxf5 Bxf5 42. c5 Ra6 43. Rd6 Rxd6 44.
cxd6 Qc2+ 45. Rb2 Qc4+ 46. Qb3 Qc8 47. Re2 Bg4 48. Qd3+ Bf5 49. d7 Qg8+ 50.
Qb3 Bxd7 51. Qxg8+ Kxg8 52. Kb3 Bb5 53. Rf2 g5 54. Kb4 Bc6 55. a4 Kg7 56.
a5 Kg6 57. Kc5 Be4 58. Re2 Bf3 59. Re3 Bg2 60. a6 h5 61. a7 Kf5 62. Re2 Bh1
63. Re1 Bg2 64. Rg1 Ba8 65. Rf1+ Kg4 66. Rf8 Bb7 67. Rb8 Bh1 68. Kb6 Kh3
69. Rb7 Bxb7 70. Kxb7 Kxh2 71. a8=Q g4 72. Qh8 1-0

[Event "World Blitz 2023"]
[Site "Samarkand UZB"]
[Date "2023.12.30"]
[Round "13.70"]
[White "O`gorman, Tom"]
[Black "Tissir, Mohamed"]
[Result "1/2-1/2"]
[WhiteElo "2288"]
[BlackElo "2458"]
[EventDate "2023.12.29"]

1. e4 c5 2. Nf3 e6 3. Nc3 a6 4. g3 b5 5. Bg2 Bb7 6. O-O Qc7 7. d4 cxd4 8.
Nxd4 Nc6 9. Re1 Rc8 10. Nd5 Qd8 11. Be3 Nf6 12. Nxc6 Rxc6 13. Nxf6+ gxf6
14. e5 fxe5 15. Bxc6 Bxc6 16. Qh5 Qf6 17. Rf1 Rg8 18. f4 exf4 19. Rxf4 Qg6
20. Qxg6 Rxg6 21. Rh4 h6 22. Rf1 Bg7 23. c3 f5 24. Bd4 Bf8 25. Rhf4 Bd6 26.
Rh4 f4 27. Rhxf4 Bxf4 28. Rxf4 Ke7 29. Be3 h5 30. Kf2 Rg4 31. Bc5+ d6 32.
Be3 Bd5 33. a3 Rxf4+ 34. Bxf4 e5 35. Be3 Ke6 36. h3 Kf5 37. Bd2 Bc6 38. Bh6
d5 39. Ke3 Bd7 40. Bg7 Bc6 41. g4+ hxg4 42. hxg4+ Ke6 43. g5 Be8 44. Bh8
Bg6 45. Bf6 Kf5 46. Bd8 Ke6 47. Bf6 Kd6 48. Bg7 Ke6 49. Bf6 1/2-1/2

[Event "World Blitz 2023"]
[Site "Samarkand UZB"]
[Date "2023.12.30"]
[Round "13.71"]
[White "Song, Raymond"]
[Black "Wanyama, Harold"]
[Result "0-1"]
[WhiteElo "2383"]
[BlackElo "2228"]
[EventDate "2023.12.29"]

1. d4 d5 2. c4 e6 3. Nf3 Nf6 4. Nc3 Be7 5. g3 O-O 6. Bg2 dxc4 7. Ne5 Nc6 8.
Bxc6 bxc6 9. Nxc6 Qe8 10. Nxe7+ Qxe7 11. Qa4 c5 12. Qa3 Qb7 13. O-O cxd4
14. Na4 Qc6 15. f3 Bd7 16. b3 Rfc8 17. Bg5 Nd5 18. Nb2 c3 19. Nd3 f6 20.
Bc1 e5 21. b4 Bf5 22. Qb3 Qc4 23. Qxc4 Rxc4 24. a3 Bxd3 25. exd3 Rcc8 26.
Ra2 a5 27. b5 a4 28. f4 Rab8 29. fxe5 fxe5 30. Re2 Re8 31. Rfe1 Rxb5 32.
Rxe5 Rxe5 33. Rxe5 Rb1 34. Rxd5 Rxc1+ 35. Kg2 Rd1 0-1